Invitación a la lingüística

Kaydedildi:
Detaylı Bibliyografya
Yazar: Pei, Mario
Materyal Türü: Kitap
Dil:Undetermined
Baskı/Yayın Bilgisi: México, Distrito Federal Diana 1970
Konular:
Etiketler: Etiketle
Etiket eklenmemiş, İlk siz ekleyin!

MARC

LEADER 00000nam a2200000Ia 4500
008 170316s9999 xx 000 0 und d
090 |a 410 P-5i 
100 |a Pei, Mario 
245 |a Invitación a la lingüística 
260 |a México, Distrito Federal 
260 |b Diana 
260 |c 1970 
300 |a 228 páginas 
650 |a LINGÜÍSTICA 
999 |c 18673  |d 18673 
040 |a cru BVZT 
942 |c 15 D  |h 410 P-5i  |2 z